Historical Figures by Letter - M - Statistics

General Stats
  • This quiz has been taken 346 times
  • The average score is 14 of 20
Answer Stats
Hint Figure % Correct
Sistine Chapel painter Michelangelo
98%
Austrian child prodigy and composer Wolfgang Amadeus Mozart
97%
Italian fascist dictator Benito Mussolini
96%
Considered by Muslims to be the last prophet Muhammad
96%
"Communist Manifesto" author Karl Marx
95%
First black South African president Nelson Mandela
95%
Chairman of communist China Mao Zedong
94%
Beheaded Queen of Scots Mary
92%
Explorer who started the first circumnavigation of the world Ferdinand Magellan
80%
He painted "The Scream" Edvard Munch
67%
Author of the U.S. "Bill of Rights" James Madison
66%
Dictator who caused the economic havoc of Zimbabwe Robert Mugabe
65%
Inventor of radio Guglielmo Marconi
63%
Israeli female prime minister Golda Meir
60%
Inventor of the Periodic Table Dmitri Mendeleev
58%
U.S. general who was made de-facto ruler of Japan Douglas MacArthur
56%
Aztec emperor killed in 1520 Moctezuma II
55%
Egyptian dictator who was overthrown in 2011 Hosni Mubarak
50%
"Utopia" author executed in the reign of Henry VIII Thomas More
48%
First prime minister of Canada John A. Macdonald
16%
No matching quizzes found
Score Distribution
Percent of People with Each Score
Percentile by Number Answered
Your Score History
You have not taken this quiz